Entrepreneurship: (Record no. 22140)
[ view plain ]
| 000 -LEADER | |
|---|---|
| fixed length control field | 00389nam a22001457a 4500 |
| 020 ## - INTERNATIONAL STANDARD BOOK NUMBER | |
| ISBN | 978-1-0718-0807-8 |
| 082 ## - DEWEY DECIMAL CLASSIFICATION NUMBER | |
| Classification number | 338.04 |
| 100 ## - MAIN ENTRY--AUTHOR NAME | |
| Personal name | Neck, Heidi M. |
| 245 ## - TITLE STATEMENT | |
| Title | Entrepreneurship: |
| Sub Title | The Practicee and Mindset |
| 250 ## - EDITION STATEMENT | |
| Edition statement | 2nd |
| 260 ## - PUBLICATION, DISTRIBUTION, ETC. (IMPRINT) | |
| Place of publication | New Delhi: |
| Name of publisher | SAGE Publishing, |
| Year of publication | 2020 |
| 300 ## - PHYSICAL DESCRIPTION | |
| Number of Pages | xli, 486p.: ill.; 27cm |
| 700 ## - ADDED ENTRY--PERSONAL NAME | |
| Personal name | Neck, Christopher P. & Murray, Emma L. |
| 942 ## - ADDED ENTRY ELEMENTS (KOHA) | |
| Koha item type | Books |
No items available.
